Economics : The science of common sense
This book should be of interest to suitable for one term introductory economics courses
Guardat en:
| Autor principal: | |
|---|---|
| Format: | Llibre |
| Idioma: | Undetermined |
| Publicat: |
Cincinnati, Ohio
South-Western
1965
|
| Matèries: | |
| Etiquetes: |
Afegir etiqueta
Sense etiquetes, Sigues el primer a etiquetar aquest registre!
|
| Thư viện lưu trữ: | Trung tâm Học liệu Trường Đại học Cần Thơ |
|---|
| LEADER | 00781nam a2200217Ia 4500 | ||
|---|---|---|---|
| 001 | CTU_220647 | ||
| 008 | 210402s9999 xx 000 0 und d | ||
| 082 | |a 330 | ||
| 082 | |b H733 | ||
| 100 | |a Bowden, Elbert V. | ||
| 245 | 0 | |a Economics : | |
| 245 | 4 | |b The science of common sense | |
| 245 | 0 | |c Elbert V. Bowden | |
| 260 | |a Cincinnati, Ohio | ||
| 260 | |b South-Western | ||
| 260 | |c 1965 | ||
| 520 | |a This book should be of interest to suitable for one term introductory economics courses | ||
| 650 | |a Nhật Bản,Nhật Bản,Japan | ||
| 650 | |x Điều kiện kinh tế,Quan hệ kinh tế với nước ngoài,Economic conditions,Japan,Foreign economic relations | ||
| 904 | |i Nguyên | ||
| 980 | |a Trung tâm Học liệu Trường Đại học Cần Thơ | ||